Movies Quiz

Random Movies or Disney Quiz

Disney Before and After Quiz Stats

 Plays Quiz Updated Oct 9, 2018

Score 0/18 Timer 08:00
6 Plays Today
Hint (Before) Answer % Correct
She lived with seven minersSnow White Rabbit
93.8%
He was convinced the sky was fallingChicken Little John
82.9%
Bernard and Miss Bianca team up again, this time in AustraliaThe Rescuers Down Under the Sea
69.3%
Winnie the Pooh's human friendChristopher Robin Hood
66.6%
Pocahontas song that won an oscarColors of the Wind in the Willows
42.4%
Nicolas Cage unlocks the secret of the Declaration of IndependenceNational Treasure Planet
41.1%
She appoints Jiminy Cricket as Pinocchio's conscienceThe Blue Fairy Godmother
36.3%
Preacher and ally of Robin Hood Friar Tuck Everlasting
33.1%
In 'Mickey's Christmas Carol,' Mickey plays Bob Cratchit, an employee of this miserable miserEbenezer Scrooge McDuck
31.6%
Hint (Before) Answer % Correct
Song Aurora sings when she first meets Prince PhillipOnce Upon a Dream Is a Wish Your Heart Makes
29.2%
Ironic name of Pinocchio's deceiverHonest John Smith
23.3%
Song that Simba and Nala sing with all the safari animalsI Just Can't Wait To Be King of the Wild Frontier
20.3%
First Mickey Mouse cartoon to have a synchronized soundtrackSteamboat Willie the Giant
16.9%
Giselle sings this while cleaning up with rats, roaches, and birdsHappy Working Song of the South
15.9%
Underdog story of a man on a cross-country dogsled race (1994)Iron Will Turner
12.1%
Member of the Rescue Rangers who has a weakness for chee-EE-EEZ!Monterey Jack Sparrow
11.8%
Film that introduced flubber (1961)Absent-Minded Professor Ratigan
6.6%
Story of a timid lion raised by sheepLambert the Sheepish Lion King
4.6%

You're not logged in!

Compare scores with friends on all Sporcle quizzes.
OR
Log In

Sporcle TV

Today on Sporcle TV


Watch our educational content, quiz creation guides, and fun videos on Sporcle TV.

Show Comments

Extras

Top Quizzes Today


Score Distribution

Your Account Isn't Verified!

In order to create a playlist on Sporcle, you need to verify the email address you used during registration. Go to your Sporcle Settings to finish the process.

Report this User

Report this user for behavior that violates our Community Guidelines.

Details: